000 00799nam a2200205 i 4500
001 170134
003 ES-MaACL
005 20230906214309.0
008 090204s1968 fr |||| | fre d
080 _a81(05)
245 0 0 _aBulletin de la Société de Linguistique de Paris /
_cpublié avec le concours du Centre National de la Recherche Scientifique.
260 _aParis :
_bC. Klincksieck,
_c1968.
300 _aXXXV, 261 p. ;
_c25 cm.
490 1 _aBulletin de la Société de Linguistique de Paris ;
_v63, 1
650 4 _aLingüística.
_914463
710 2 _aSociété de Linguistique de Paris.
_9134956
830 1 _aBulletin de la Société de Linguistique de Paris ;
_v63, 1
_9222970
852 4 _aES-MaACL
_jE-12413
_z- Biblioteca Jacinto Martínez Lacalle
999 _c170134
_d170134